[Event "SVK-chT3B2 2223"]
[Site "Slovakia"]
[Date "2022.12.18"]
[Round "4.2"]
[White "Lakatos, Vladimir"]
[Black "Kvassay, Peter"]
[Result "1-0"]
[WhiteElo "1981"]
[BlackElo "1917"]
[PlyCount "127"]
[EventDate "2022.10.23"]
[EventType "team-tourn"]
[EventRounds "11"]
[EventCountry "SVK"]
[SourceTitle "EXT 2024"]
[Source "ChessBase"]
[SourceDate "2023.10.10"]
[SourceVersion "1"]
[SourceVersionDate "2023.10.10"]
[SourceQuality "1"]
[WhiteTeam "Handlova"]
[BlackTeam "Povazska Bystrica Sparta II"]
[WhiteTeamCountry "SVK"]
[BlackTeamCountry "SVK"]

1. c4 e5 2. Nc3 Nc6 3. g3 f5 4. Bg2 Nf6 5. d3 g6 6. e4 d6 7. Nge2 Bg7 8. 0-0 0-0 9. h3 Kh8 10. Be3 Be6 11. Nd5 Ne7 12. Nxf6 Bxf6 13. b3 Qd7 14. h4 f4 15. gxf4 Bh3 16. f3 Bxh4 17. fxe5 dxe5 18. d4 Bf6 19. dxe5 Bxe5 20. Qxd7 Bxd7 21. Rad1 Rad8 22. Rd2 Bc8 23. Rfd1 Rxd2 24. Rxd2 Nc6 25. Rd5 Kg8 26. Bc5 Re8 27. Kf2 Be6 28. Rd2 b6 29. Be3 Bd6 30. Nf4 Kf7 31. Nxe6 Kxe6 32. Bh3+ Ke7 33. Bg5+ Kf7 34. Bd7 Bc5+ 35. Kg2 Re6 36. Bxe6+ Kxe6 37. Bf4 Bd6 38. Bxd6 cxd6 39. f4 Ne7 40. Kf3 h6 41. Rh2 Ng8 42. Re2 Ne7 43. Kg4 Kf6 44. Rd2 Ke6 45. Rh2 Ng8 46. f5+ Kf6 47. fxg6 Kxg6 48. Rd2 Nf6+ 49. Kf4 Ne8 50. Rd5 Kf6 51. a3 Kg6 52. b4 h5 53. Rg5+ Kh6 54. Rg8 Ng7 55. Ra8 Ne6+ 56. Kf5 Ng5 57. Rxa7 h4 58. Rd7 h3 59. Rxd6+ Kh5 60. Rd8 Nh7 61. e5 h2 62. Rd1 Ng5 63. Rh1 Nf3 64. e6 1-0

[Event "SVK-chT3B2 2223"]
[Site "Slovakia"]
[Date "2022.10.23"]
[Round "1.1"]
[White "Srvatka, Igor"]
[Black "Lakatos, Vladimir"]
[Result "1/2-1/2"]
[WhiteElo "2130"]
[BlackElo "1981"]
[PlyCount "42"]
[EventDate "2022.10.23"]
[EventType "team-tourn"]
[EventRounds "11"]
[EventCountry "SVK"]
[SourceTitle "EXT 2024"]
[Source "ChessBase"]
[SourceDate "2023.10.10"]
[SourceVersion "1"]
[SourceVersionDate "2023.10.10"]
[SourceQuality "1"]
[WhiteTeam "Trencin PK"]
[BlackTeam "Handlova"]
[WhiteTeamCountry "SVK"]
[BlackTeamCountry "SVK"]

1. e4 c5 2. Nf3 e6 3. d4 cxd4 4. Nxd4 a6 5. Bd3 Nf6 6. Nc3 Qc7 7. Qe2 d6 8. Be3 Be7 9. g4 Nc6 10. g5 Nd7 11. h4 Nde5 12. 0-0-0 Nb4 13. Kb1 Bd7 14. Rc1 b5 15. a3 Nbxd3 16. cxd3 Qb7 17. f4 Nc6 18. Nxc6 Bxc6 19. Bd4 0-0 20. g6 fxg6 21. h5 g5 1/2-1/2

[Event "SVK-chT2B 2122"]
[Site "Slovakia"]
[Date "2022.03.05"]
[Round "5.4"]
[White "Rucek, Peter"]
[Black "Lakatos, Vladimir"]
[Result "1-0"]
[WhiteElo "1889"]
[BlackElo "1944"]
[PlyCount "131"]
[EventDate "2021.10.16"]
[EventType "team-tourn"]
[EventRounds "11"]
[EventCountry "SVK"]
[SourceTitle "EXT 2023"]
[Source "ChessBase"]
[SourceDate "2022.10.05"]
[SourceVersion "1"]
[SourceVersionDate "2022.10.05"]
[SourceQuality "1"]
[WhiteTeam "Belusa"]
[BlackTeam "Prievidza"]
[WhiteTeamCountry "SVK"]
[BlackTeamCountry "SVK"]

1. d4 Nf6 2. c4 c5 3. d5 b5 4. cxb5 a6 5. bxa6 Bxa6 6. Nc3 g6 7. e4 Bxf1 8. Kxf1 d6 9. Nf3 Nbd7 10. g3 Bg7 11. Kg2 0-0 12. a4 Qb6 13. Qe2 Rfb8 14. Nb5 Qa6 15. Ra3 Nb6 16. b3 Qc8 17. Nd2 Ra6 18. Bb2 h5 19. h4 Ng4 20. Bxg7 Kxg7 21. Rha1 Ne5 22. Nf3 Nbd7 23. Ng5 Ra5 24. Qb2 f6 25. Ne6+ Kh7 26. b4 cxb4 27. Qxb4 Nc4 28. Rc3 Ndb6 29. Nec7 Rb7 30. Ne6 Qb8 31. Ned4 Ra8 32. Rxc4 Nxc4 33. Qxc4 Qd8 34. Nc6 Qb6 35. Nbd4 Qb2 36. Ra2 Qb1 37. Ne6 Qd1 38. Qe2 Qxe2 39. Rxe2 Rxa4 40. Ned8 Rd7 41. f4 Ra8 42. Ne6 Rb7 43. e5 dxe5 44. fxe5 Ra3 45. d6 exd6 46. exf6 Rbb3 47. Ng5+ Kh6 48. Ne7 Rxg3+ 49. Kf2 Rxg5 50. hxg5+ Kxg5 51. f7 Ra8 52. Nc8 Rxc8 53. Re8 Rc5 54. f8Q Rf5+ 55. Qxf5+ Kxf5 56. Rd8 Ke5 57. Kg3 g5 58. Rh8 h4+ 59. Kg4 d5 60. Kxg5 d4 61. Re8+ Kd5 62. Kxh4 d3 63. Kg3 Kc4 64. Kf2 Kc3 65. Ke1 Kc2 66. Rc8+ 1-0

[Event "SVK-chT2B 1920"]
[Site "Slovakia"]
[Date "2020.02.15"]
[Round "8.5"]
[White "Lakatos, Vladimir"]
[Black "Beres, Dominik"]
[Result "0-1"]
[WhiteElo "1996"]
[BlackElo "1970"]
[PlyCount "120"]
[EventDate "2019.10.26"]
[EventType "team-tourn"]
[EventRounds "11"]
[EventCountry "SVK"]
[SourceTitle "CBM 195 Extra"]
[Source "ChessBase"]
[SourceDate "2020.05.31"]
[SourceVersion "1"]
[SourceVersionDate "2020.05.31"]
[SourceQuality "1"]
[WhiteTeam "Prievidza"]
[BlackTeam "Tlmace"]
[WhiteTeamCountry "SVK"]
[BlackTeamCountry "SVK"]

1. c4 Nf6 2. Nc3 g6 3. g3 Bg7 4. Bg2 0-0 5. d4 d6 6. e3 Nbd7 7. Nge2 c6 8. 0-0 Qc7 9. b3 Rb8 10. Qd3 Re8 11. a4 a5 12. Ba3 b6 13. Rac1 Ba6 14. f4 Rbd8 15. e4 e5 16. Rfd1 exd4 17. Nxd4 Nc5 18. Qe2 Nfxe4 19. Nxe4 d5 20. Bxc5 dxe4 21. Nxc6 Qxc6 22. Be3 Qe6 23. Qc2 Rd3 24. Re1 Red8 25. Bf1 Rc3 26. Qb1 Rxe3 27. Rxe3 Bd4 28. Rce1 Qc6 29. Bg2 f5 30. h3 Qc5 31. Qc1 Bxe3+ 32. Qxe3 Rd3 33. Qxc5 bxc5 34. Kf2 Rxb3 35. Bf1 Rb4 36. Rd1 Bxc4 37. Rd8+ Kg7 38. Rd7+ Kh6 39. Bxc4 Rxc4 40. g4 fxg4 41. hxg4 Rc3 42. g5+ Kh5 43. Rxh7+ Kg4 44. Rg7 Kxf4 45. Rxg6 Rc2+ 46. Ke1 Rg2 47. Ra6 Ke3 48. Kd1 Kd3 49. Rd6+ Kc4 50. g6 Kb4 51. Re6 c4 52. Rxe4 Rxg6 53. Kc2 Rg2+ 54. Kc1 Ra2 55. Kb1 Rh2 56. Kc1 Kb3 57. Re8 Rh1+ 58. Kd2 c3+ 59. Kd3 Rd1+ 60. Ke2 c2 0-1

[Event "SVK-chT2B 1920"]
[Site "Slovakia"]
[Date "2020.01.26"]
[Round "7.7"]
[White "Belak, Stefan"]
[Black "Lakatos, Vladimir"]
[Result "1/2-1/2"]
[WhiteElo "1887"]
[BlackElo "1996"]
[PlyCount "150"]
[EventDate "2019.10.26"]
[EventType "team-tourn"]
[EventRounds "11"]
[EventCountry "SVK"]
[SourceTitle "CBM 194 Extra"]
[Source "ChessBase"]
[SourceDate "2020.03.31"]
[SourceVersion "1"]
[SourceVersionDate "2020.03.31"]
[SourceQuality "1"]
[WhiteTeam "Povazska Bystrica II"]
[BlackTeam "Prievidza"]
[WhiteTeamCountry "SVK"]
[BlackTeamCountry "SVK"]

1. d4 Nf6 2. Nf3 g6 3. Nbd2 d5 4. e3 Bg7 5. Bd3 0-0 6. b3 c5 7. Bb2 cxd4 8. exd4 Nc6 9. a3 a5 10. 0-0 Re8 11. Re1 Qc7 12. Bb5 Nd7 13. Nf1 Na7 14. c4 Nxb5 15. cxb5 a4 16. Ne3 Qd6 17. Bc3 Nb6 18. Bb4 Qd8 19. Bc5 Bd7 20. Bxb6 Qxb6 21. Nxd5 Qd6 22. Nc3 axb3 23. Qxb3 Rec8 24. Ne4 Qf4 25. a4 Be6 26. Qe3 Qxe3 27. fxe3 b6 28. Ned2 Rc2 29. Ra3 Bd7 30. Rea1 Bh6 31. Kf1 Rac8 32. Ke1 R2c3 33. Nf1 Rc2 34. R3a2 R2c3 35. Ra3 Rc2 36. N3d2 Be6 37. a5 bxa5 38. Rxa5 Rb2 39. Ra8 Kg7 40. Rxc8 Bxc8 41. Rb1 Rxb1+ 42. Nxb1 Kf6 43. Nc3 Ke6 44. Ke2 Kd6 45. Kd3 f5 46. Nd2 Bb7 47. Nc4+ Kd7 48. e4 e6 49. g3 Bf8 50. Ne5+ Kc7 51. exf5 gxf5 52. Kc4 Bg7 53. Nd3 Bg2 54. Ne5 Bf1+ 55. Kb4 Bh6 56. Nc4 Bf8+ 57. Kb3 Bg7 58. Ne5 Bg2 59. Ka4 Bh6 60. Ka5 Bd2 61. Kb4 Bf1 62. Nc4 Be1 63. Kb3 h5 64. Na4 Bf2 65. Nc5 e5 66. Na6+ Kb7 67. dxe5 h4 68. e6 hxg3 69. hxg3 Kc8 70. Nd6+ Kd8 71. Nb4 Bxb5 72. Nxb5 Ke7 73. Nc6+ Kxe6 74. Ncd4+ Kd5 75. Nxf5 Bxg3 1/2-1/2

[Event "SVK-chT2B 1819"]
[Site "Slovakia"]
[Date "2019.04.07"]
[Round "11.5"]
[White "Zernovic, Michal"]
[Black "Lakatos, Vladimir"]
[Result "1/2-1/2"]
[WhiteElo "1804"]
[BlackElo "2022"]
[PlyCount "51"]
[EventDate "2018.10.13"]
[EventType "team-tourn"]
[EventRounds "11"]
[EventCountry "SVK"]
[SourceTitle "EXT 2020"]
[Source "ChessBase"]
[SourceDate "2019.10.17"]
[SourceVersion "1"]
[SourceVersionDate "2019.10.17"]
[SourceQuality "1"]
[WhiteTeam "Povazske Podhradie"]
[BlackTeam "Prievidza"]
[WhiteTeamCountry "SVK"]
[BlackTeamCountry "SVK"]

1. e4 c5 2. Bc4 e6 3. c3 d5 4. exd5 exd5 5. Bb3 Nf6 6. d4 c4 7. Bc2 Bd6 8. Bg5 h6 9. Bh4 Be6 10. Nf3 Nbd7 11. Nbd2 Qc7 12. Bg3 Bxg3 13. hxg3 0-0-0 14. Qe2 Bg4 15. 0-0-0 Rhe8 16. Qf1 Qa5 17. Nxc4 dxc4 18. Qxc4+ Kb8 19. Qxf7 Re2 20. Rd2 Rxd2 21. Kxd2 Bxf3 22. gxf3 Ne5 23. Qxg7 Rxd4+ 24. Kc1 Rd6 25. Rxh6 Ned7 26. a3 1/2-1/2

[Event "SVK-chT3B2 1819"]
[Site "Slovakia"]
[Date "2019.02.24"]
[Round "8.2"]
[White "Cernicky, Jan"]
[Black "Lakatos, Vladimir"]
[Result "0-1"]
[WhiteElo "1575"]
[BlackElo "2020"]
[PlyCount "64"]
[EventDate "2018.10.21"]
[EventType "team-tourn"]
[EventRounds "11"]
[EventCountry "SVK"]
[SourceTitle "CBM 189 Extra"]
[Source "ChessBase"]
[SourceDate "2019.06.03"]
[SourceVersion "1"]
[SourceVersionDate "2019.06.03"]
[SourceQuality "1"]
[WhiteTeam "Dubnica nad Vahom IV"]
[BlackTeam "Handlova"]
[WhiteTeamCountry "SVK"]
[BlackTeamCountry "SVK"]

1. d4 Nf6 2. Bf4 d5 3. e3 e6 4. Nf3 Bd6 5. Bg3 Bxg3 6. hxg3 Qd6 7. c3 Nbd7 8. Nbd2 c5 9. Bd3 e5 10. dxe5 Nxe5 11. Nxe5 Qxe5 12. Nf3 Qe7 13. Bb5+ Kf8 14. Qc2 b6 15. Bd3 Bd7 16. Bf5 Bc6 17. Bd3 Rd8 18. 0-0-0 g6 19. Rde1 Kg7 20. Qd2 Ne4 21. Qc2 Qf6 22. Ref1 Nd6 23. Be2 b5 24. Qd2 a5 25. Rh2 Rb8 26. Bd1 Ne4 27. Qc2 b4 28. cxb4 Rxb4 29. Nd2 Nxf2 30. Be2 d4 31. exd4 Qxd4 32. Nb3 Qe3+ 0-1

[Event "SVK-chT2B 1819"]
[Site "Slovakia"]
[Date "2018.11.17"]
[Round "3.6"]
[White "Lakatos, Vladimir"]
[Black "Masarik, Drahoslav"]
[Result "1-0"]
[WhiteElo "2018"]
[BlackElo "1913"]
[PlyCount "111"]
[EventDate "2018.10.13"]
[EventType "team-tourn"]
[EventRounds "11"]
[EventCountry "SVK"]
[SourceTitle "CBM 187 Extra"]
[Source "ChessBase"]
[SourceDate "2018.11.04"]
[SourceVersion "1"]
[SourceVersionDate "2018.11.04"]
[SourceQuality "1"]
[WhiteTeam "Prievidza"]
[BlackTeam "Trencin"]
[WhiteTeamCountry "SVK"]
[BlackTeamCountry "SVK"]

1. c4 c5 2. Nc3 Nf6 3. g3 d5 4. cxd5 Nxd5 5. Bg2 Nc7 6. f4 Nc6 7. Nf3 g6 8. 0-0 Bg7 9. Qa4 0-0 10. e3 Rb8 11. Qc4 b6 12. a4 Be6 13. Qe2 Qd7 14. Ng5 Bb3 15. Ra3 Na5 16. Re1 e5 17. fxe5 Bxe5 18. Be4 h6 19. Nf3 Bg7 20. Bb1 Be6 21. Ba2 c4 22. Bb1 Rfd8 23. Bc2 Na6 24. Nb5 Nb4 25. Bb1 Nb3 26. Rd1 Nxc1 27. Rxc1 Bxb2 28. Rac3 Bxc1 29. Rxc1 Rbc8 30. Nfd4 a6 31. Nc3 Bg4 32. Qf1 Nc6 33. Ne4 Bh3 34. Nf6+ Kg7 35. Nxd7 Bxf1 36. Nxc6 Rxd7 37. Ne5 Re7 38. Nxg6 fxg6 39. Kxf1 b5 40. axb5 axb5 41. Ke2 Ra7 42. Be4 Ra2 43. Ke1 Rd8 44. Rd1 Rb2 45. h4 Re8 46. Bc6 Re6 47. Bd5 Re5 48. e4 g5 49. Ra1 gxh4 50. Ra7+ Kg6 51. Ra6+ Kg5 52. gxh4+ Kxh4 53. Rxh6+ Kg4 54. Rb6 Rh5 55. Bxc4 Kf3 56. Be2+ 1-0

[Event "SVK-chT3B2 1819"]
[Site "Slovakia"]
[Date "2018.10.21"]
[Round "1.1"]
[White "Lakatos, Vladimir"]
[Black "Bombek, Peter"]
[Result "1/2-1/2"]
[WhiteElo "2015"]
[BlackElo "2184"]
[PlyCount "110"]
[EventDate "2018.10.21"]
[EventType "team-tourn"]
[EventRounds "11"]
[EventCountry "SVK"]
[SourceTitle "CBM 189 Extra"]
[Source "ChessBase"]
[SourceDate "2019.06.03"]
[SourceVersion "1"]
[SourceVersionDate "2019.06.03"]
[SourceQuality "1"]
[WhiteTeam "Handlova"]
[BlackTeam "Belusa"]
[WhiteTeamCountry "SVK"]
[BlackTeamCountry "SVK"]

1. c4 e6 2. Nc3 d5 3. d4 Nf6 4. Nf3 Be7 5. e3 0-0 6. Bd3 b6 7. cxd5 exd5 8. h3 c5 9. 0-0 Nc6 10. Ne5 Bb7 11. f4 cxd4 12. Nxc6 Bxc6 13. exd4 Re8 14. Qf3 Ne4 15. Be3 Bb4 16. a3 Bxc3 17. bxc3 Qd7 18. Rfc1 Bb5 19. c4 Bc6 20. Bxe4 Rxe4 21. c5 Rae8 22. Bf2 bxc5 23. Rxc5 Bb5 24. g4 Bc4 25. f5 h5 26. gxh5 Be2 27. Qb3 Qxf5 28. Rxd5 Qe6 29. Rc1 Bf3 30. Kh2 Rf4 31. Re1 Be2 32. Bg3 Rxd4 33. Rb5 Qc6 34. Rb8 Rde4 35. Rxe8+ Rxe8 36. Qb2 Bxh5 37. Rxe8+ Qxe8 38. Qb8 Qxb8 39. Bxb8 a6 40. Kg3 f6 41. h4 Kf7 42. Kf4 Ke6 43. a4 Kd7 44. a5 Bf7 45. Ba7 Bb3 46. Bd4 Bc2 47. Bb6 Ke6 48. Bd8 Kf7 49. Bb6 Kg6 50. Be3 Kh5 51. Kg3 Be4 52. Bd2 Bc6 53. Be3 Kg6 54. Kf4 Kf7 55. Bb6 Bb7 1/2-1/2

[Event "SVK-chT1W 1516"]
[Site "Slovakia"]
[Date "2015.12.13"]
[Round "6.2"]
[White "Lakatos, Vladimir"]
[Black "Skreno, Vladimir"]
[Result "0-1"]
[WhiteElo "2067"]
[BlackElo "2258"]
[PlyCount "100"]
[EventDate "2015.10.24"]
[EventType "team-tourn"]
[EventRounds "11"]
[EventCountry "SVK"]
[SourceTitle "CBM 170 Extra"]
[Source "ChessBase"]
[SourceDate "2016.02.25"]
[SourceVersion "1"]
[SourceVersionDate "2016.02.25"]
[SourceQuality "1"]
[WhiteTeam "Prievidza"]
[BlackTeam "Nitra"]
[WhiteTeamCountry "SVK"]
[BlackTeamCountry "SVK"]

1. c4 Nf6 2. Nc3 g6 3. g3 Bg7 4. Bg2 c6 5. e4 e5 6. Nge2 0-0 7. 0-0 d6 8. d4 Nbd7 9. b3 Re8 10. d5 c5 11. Qd3 Nh5 12. Be3 Nf8 13. Rac1 a6 14. Qd2 Bd7 15. h3 f5 16. Bh6 b5 17. Bxg7 Kxg7 18. f3 b4 19. Nd1 Nf6 20. Nf2 h6 21. a3 a5 22. axb4 axb4 23. Ra1 fxe4 24. Nxe4 Nxe4 25. fxe4 Nh7 26. Kh2 Rf8 27. Rxf8 Qxf8 28. Rf1 Qe7 29. Ng1 Ra3 30. Qb2 Qd8 31. Nf3 Qe7 32. Ra1 Rxa1 33. Qxa1 Nf6 34. Qa7 Kf7 35. Qc7 g5 36. Ng1 Be8 37. Qxe7+ Kxe7 38. Ne2 Bg6 39. g4 Nxe4 40. Bxe4 Bxe4 41. Kg3 Bc2 42. Nc1 e4 43. Kf2 Kf6 44. Ke3 Ke5 45. Kd2 Bd3 46. Nxd3+ exd3 47. Kxd3 Kf4 48. Ke2 Kg3 49. Ke3 Kxh3 50. Kf3 Kh4 0-1

[Event "SVK-chT1W 1516"]
[Site "Slovakia"]
[Date "2015.12.12"]
[Round "5.2"]
[White "Takacs, Laszlo"]
[Black "Lakatos, Vladimir"]
[Result "0-1"]
[WhiteElo "2147"]
[BlackElo "2067"]
[PlyCount "78"]
[EventDate "2015.10.24"]
[EventType "team-tourn"]
[EventRounds "11"]
[EventCountry "SVK"]
[SourceTitle "CBM 170 Extra"]
[Source "ChessBase"]
[SourceDate "2016.02.25"]
[SourceVersion "1"]
[SourceVersionDate "2016.02.25"]
[SourceQuality "1"]
[WhiteTeam "Gabcikovo"]
[BlackTeam "Prievidza"]
[WhiteTeamCountry "SVK"]
[BlackTeamCountry "SVK"]

1. e4 c5 2. Nf3 e6 3. d4 cxd4 4. Nxd4 a6 5. Bd3 Nf6 6. 0-0 Qc7 7. Nc3 Nc6 8. Nb3 b5 9. f4 d6 10. Qe2 Bb7 11. Kh1 Be7 12. f5 b4 13. Na4 exf5 14. exf5 Ne5 15. Nd4 0-0 16. Bd2 d5 17. Bf4 Bd6 18. h3 Rfe8 19. Qd1 Nxd3 20. Bxd6 Nf2+ 21. Rxf2 Qxd6 22. Rf3 Re4 23. Qd2 Rae8 24. b3 Nh5 25. f6 Ng3+ 26. Kg1 Rxd4 27. Qg5 Ne2+ 28. Kf2 g6 29. Qh6 Qf8 30. Qxf8+ Kxf8 31. Nc5 Bc8 32. Re3 Nc3 33. Rxe8+ Kxe8 34. Ke3 Rd1 35. Rxd1 Nxd1+ 36. Kd4 Nc3 37. Nd3 a5 38. Kc5 Bf5 39. Ne1 Kd7 0-1

[Event "SVK-chT1W 1314"]
[Site "Slovakia"]
[Date "2014.03.02"]
[Round "9.5"]
[White "Sukuba, Zdeno"]
[Black "Lakatos, Vladimir"]
[Result "1-0"]
[WhiteElo "2108"]
[BlackElo "2158"]
[PlyCount "91"]
[EventDate "2013.10.12"]
[EventType "team-tourn"]
[EventRounds "11"]
[EventCountry "SVK"]
[SourceTitle "EXT 2015"]
[Source "ChessBase"]
[SourceDate "2014.11.20"]
[SourceVersion "1"]
[SourceVersionDate "2014.11.20"]
[SourceQuality "1"]
[WhiteTeam "Dubnica nad Vahom II"]
[BlackTeam "Prievidza"]
[WhiteTeamCountry "SVK"]
[BlackTeamCountry "SVK"]

1. Nf3 c5 2. c4 e6 3. g3 Nf6 4. Bg2 Nc6 5. 0-0 Be7 6. b3 0-0 7. Bb2 Qc7 8. d4 cxd4 9. Nxd4 a6 10. Nc3 Rb8 11. e3 Rd8 12. Rc1 b6 13. Nd5 exd5 14. cxd5 b5 15. dxc6 d5 16. Qc2 Rb6 17. Ne2 Ne8 18. Rfd1 Be6 19. Nf4 Bf6 20. Bxd5 Bxb2 21. Qxb2 Bg4 22. f3 Bc8 23. Qd4 Rd6 24. Qe5 Kf8 25. Qc3 Qd8 26. Qc5 Kg8 27. Bxf7+ Kxf7 28. Rxd6 Qxd6 29. Qxb6 Qd2 30. Qc5 Nc7 31. Rc2 Qd1+ 32. Kg2 g5 33. Ne2 g4 34. Nd4 Ne6 35. Nxe6 Qxf3+ 36. Kg1 Qd1+ 37. Kf2 Bxe6 38. Qh5+ Kg7 39. Qg5+ Kf7 40. Qf4+ Ke7 41. Qe4 Kf7 42. c7 Bc8 43. Kg2 Bb7 44. Rf2+ Qf3+ 45. Rxf3+ gxf3+ 46. Qxf3+ 1-0

[Event "SVK-chT1W 1314"]
[Site "Slovakia"]
[Date "2014.02.02"]
[Round "7.5"]
[White "Berek, Geza"]
[Black "Lakatos, Vladimir"]
[Result "1/2-1/2"]
[WhiteElo "2134"]
[BlackElo "2158"]
[PlyCount "54"]
[EventDate "2013.10.12"]
[EventType "team-tourn"]
[EventRounds "11"]
[EventCountry "SVK"]
[SourceTitle "EXT 2015"]
[Source "ChessBase"]
[SourceDate "2014.11.20"]
[SourceVersion "1"]
[SourceVersionDate "2014.11.20"]
[SourceQuality "1"]
[WhiteTeam "Levice"]
[BlackTeam "Prievidza"]
[WhiteTeamCountry "SVK"]
[BlackTeamCountry "SVK"]

1. e4 c5 2. Nf3 e6 3. d4 cxd4 4. Nxd4 a6 5. Bd3 Nf6 6. 0-0 Qc7 7. Qe2 Nc6 8. Nxc6 dxc6 9. e5 Nd7 10. f4 Nc5 11. Nc3 Nxd3 12. cxd3 Be7 13. Be3 b5 14. Rac1 0-0 15. Ne4 Rd8 16. Qh5 Rxd3 17. Rf3 Qd8 18. Rh3 h6 19. Rg3 Bh4 20. Rxg7+ Kxg7 21. f5 Rxe3 22. f6+ Kg8 23. Qg4+ Bg5 24. Nxg5 Qf8 25. Rxc6 hxg5 26. Qxg5+ Kh7 27. Qh5+ Kg8 1/2-1/2

[Event "SVK-chT3B2 1314"]
[Site "Slovakia"]
[Date "2013.12.01"]
[Round "4.1"]
[White "Lakatos, Vladimir"]
[Black "Adamik, Bohuslav"]
[Result "1-0"]
[WhiteElo "2158"]
[BlackElo "1953"]
[PlyCount "61"]
[EventDate "2013.10.13"]
[EventType "team-tourn"]
[EventRounds "14"]
[EventCountry "SVK"]
[SourceTitle "EXT 2015"]
[Source "ChessBase"]
[SourceDate "2014.11.20"]
[SourceVersion "1"]
[SourceVersionDate "2014.11.20"]
[SourceQuality "1"]
[WhiteTeam "Handlova"]
[BlackTeam "Lehota pod Vtacnikom"]
[WhiteTeamCountry "SVK"]
[BlackTeamCountry "SVK"]

1. c4 e6 2. Nc3 d5 3. d4 Nf6 4. Nf3 Be7 5. e3 c6 6. Bd2 Nbd7 7. Rc1 dxc4 8. Bxc4 Nb6 9. Bd3 Nbd5 10. e4 Nxc3 11. Bxc3 h6 12. 0-0 0-0 13. Qe2 a5 14. Bd2 Nh7 15. Be3 Bg5 16. Nxg5 hxg5 17. a4 Bd7 18. Rc3 g6 19. e5 Kg7 20. Qg4 Rh8 21. f4 gxf4 22. Qxf4 Qe7 23. Rf3 b5 24. Rc2 Ra7 25. Rcf2 Bc8 26. Rg3 Nf8 27. h4 bxa4 28. Be2 Ba6 29. Bxa6 Rxa6 30. Qf3 Rxh4 31. Qf6+ 1-0

[Event "SVK-chT1W 1112"]
[Site "Slovakia"]
[Date "2012.02.05"]
[Round "9.4"]
[White "Lakatos, Vladimir"]
[Black "Sosovicka, Juraj"]
[Result "1/2-1/2"]
[WhiteElo "2176"]
[BlackElo "2198"]
[PlyCount "39"]
[EventDate "2011.10.15"]
[EventType "team-tourn"]
[EventRounds "11"]
[EventCountry "SVK"]
[SourceTitle "EXT 2013"]
[Source "ChessBase"]
[SourceDate "2012.11.22"]
[SourceVersion "1"]
[SourceVersionDate "2012.11.22"]
[SourceQuality "1"]
[WhiteTeam "Prievidza II"]
[BlackTeam "Bratislava Slovan III"]
[WhiteTeamCountry "SVK"]
[BlackTeamCountry "SVK"]

1. c4 e5 2. Nc3 Nf6 3. g3 d5 4. cxd5 Nxd5 5. Bg2 Nb6 6. d3 Be7 7. f4 exf4 8. Bxf4 0-0 9. Qd2 c6 10. Nf3 Nd5 11. Nxd5 cxd5 12. a3 Nc6 13. 0-0 Na5 14. Rab1 Nb3 15. Qd1 Qb6+ 16. Kh1 Be6 17. Nd2 d4 18. Nxb3 Bxb3 19. Qd2 Rac8 20. Rbc1 1/2-1/2

[Event "SVK-chT 1112"]
[Site "Slovakia"]
[Date "2012.01.14"]
[Round "5.8"]
[White "Zagrapan, Pavol"]
[Black "Lakatos, Vladimir"]
[Result "1/2-1/2"]
[WhiteElo "2139"]
[BlackElo "2176"]
[PlyCount "61"]
[EventDate "2011.10.22"]
[EventType "team-tourn"]
[EventRounds "11"]
[EventCountry "SVK"]
[SourceTitle "EXT 2013"]
[Source "ChessBase"]
[SourceDate "2012.11.22"]
[SourceVersion "1"]
[SourceVersionDate "2012.11.22"]
[SourceQuality "1"]
[WhiteTeam "Cadca"]
[BlackTeam "Prievidza"]
[WhiteTeamCountry "SVK"]
[BlackTeamCountry "SVK"]

1. e4 c5 2. Nf3 e6 3. d4 cxd4 4. Nxd4 a6 5. Nc3 Qc7 6. g3 Nc6 7. Bg2 Nf6 8. Be3 Bb4 9. 0-0 0-0 10. h3 Qa5 11. Nce2 Nxd4 12. Bxd4 Be7 13. c4 e5 14. Bc3 Qc7 15. Qd3 b6 16. b3 Bb7 17. Bb2 Bc6 18. Nc3 Rfd8 19. Rfd1 d6 20. Rac1 Qb7 21. Nd5 Nxd5 22. cxd5 Bb5 23. Qe3 Rdc8 24. a4 Bd7 25. Rd3 Rxc1+ 26. Qxc1 Rc8 27. Rc3 Rxc3 28. Qxc3 Qc8 29. Qxc8+ Bxc8 30. Bf1 Kf8 31. f3 1/2-1/2